000 00571nam a2200181Ia 4500
005 20250423100329.0
008 250422s9999 xx 000 0 und d
020 _a9789789119004
050 _aDT 515.8 .N5445/
245 0 _aNigeria at 50: a compendium : the official and authoritative book about Nigeria.
250 _aSouvenir edition
260 _aLagos
260 _b1st October Publishing
260 _c2010
300 _a857 p
650 _a Nigeria--Politics and government--1960---Chronology. Nigeria--History--1960---Chronology.
942 _cBK
999 _c32979
_d32979